Southville International School and Colleges
Your cart is empty.
  • Cart
  • Lists
    Public lists Eva Luna New books Lux_list list_1
    Your lists Log in to create your own lists
  • Log in to your account
  • Your cookies
  • Search history
Southville International School and Colleges
  • Advanced search
  • Recent comments
  • Most popular
  • Libraries

Log in to your account

Log in with GOOGLE


If you do not have an external account, but do have a local account, you can still log in:

  1. Home
  2. MARC view: Approaches to learning :
Normal view MARC view ISBD view

Approaches to learning : (Record no. 26059)

[ view plain ]
MARC details
000 -LEADER
fixed length control field 00545nam a22001817a 4500
003 - CONTROL NUMBER IDENTIFIER
control field PILC
005 - DATE AND TIME OF LATEST TRANSACTION
control field 20151026154232.0
008 - FIXED-LENGTH DATA ELEMENTS--GENERAL INFORMATION
fixed length control field 140114b xxu||||| |||| 00| 0 eng d
020 ## - INTERNATIONAL STANDARD BOOK NUMBER
International Standard Book Number 9781906345723
050 ## - LIBRARY OF CONGRESS CALL NUMBER
Classification number LB 1078
Item number .H453 2012
100 ## - MAIN ENTRY--PERSONAL NAME
Personal name Hedges, Laurence
245 ## - TITLE STATEMENT
Title Approaches to learning :
Remainder of title a practical guide /
Statement of responsibility, etc Laurence Hedges, Lance King, Graham Maclure and Laura Swash
260 ## - PUBLICATION, DISTRIBUTION, ETC. (IMPRINT)
Place of publication, distribution, etc United Kingdom :
Name of publisher, distributor, etc IBO,
Date of publication, distribution, etc 2012.
300 ## - PHYSICAL DESCRIPTION
Extent 226 p. :
Other physical details ill. col. ;
Dimensions 28 cm.
700 ## - ADDED ENTRY--PERSONAL NAME
Personal name King, Lance
942 ## - ADDED ENTRY ELEMENTS (KOHA)
Source of classification or shelving scheme Library of Congress Classification
Koha item type Books
Holdings
Withdrawn status Lost status Source of classification or shelving scheme Damaged status Home library Current library Shelving location Date acquired Total Checkouts Total Renewals Full call number Barcode Date last seen Date checked out Copy number Price effective from Koha item type Source of acquisition Sub Shelving location
    Library of Congress Classification   Luxembourg Library Luxembourg Library International Baccalaureate Section 01/14/2014 6 7 LB 1078 .H453 2012 IB0135 12/13/2018 08/01/2018 1 01/14/2014 Books    
    Library of Congress Classification   Luxembourg Library Luxembourg Library International Baccalaureate Section 12/12/2019 2 9 LB 1078 .H453 2012 IB0295 06/10/2021 02/18/2021   12/12/2019 Books Library Fund  

Approaches to learning :

APA

Hedges L., King L., . (2012). Approaches to learning. United Kingdom: IBO.

Chicago

Hedges Laurence, King Lance, . 2012. Approaches to learning. United Kingdom: IBO.

Harvard

Hedges L., King L., . (2012). Approaches to learning. United Kingdom: IBO.

MLA

Hedges Laurence, King Lance, . Approaches to learning. United Kingdom: IBO. 2012.

  • Place hold
  • Print
  • Cite
  • Add to your cart (remove)
  • Save record
    BIBTEX Dublin Core MARCXML MARC (non-Unicode/MARC-8) MARC (Unicode/UTF-8) MARC (Unicode/UTF-8, Standard) MODS (XML) RIS
  • More searches
    Search for this title in:
    Other Libraries (WorldCat) Other Databases (Google Scholar) Online Stores (Bookfinder.com) Open Library (openlibrary.org)

Exporting to Dublin Core...

SOUTHVILLE LIBRARY

Southville International School and Colleges Library

1281 Tropical Ave. Cor. Luxembourg St., BF Homes International, Las Pinas City

Tel. No. 8256374 / 252358 Loc. 117/146

Powered by Koha